000 01002nam a22002417a 4500
001 3855
003 FISKH
005 20251003095827.0
008 240517b cb ||||| |||| 00| 0 eng d
040 _aFISK
_beng
_cFISK
_dFISK
082 _a813.6
100 _aBanks Rosie
_d1914-2014
245 _aSecret kingdom /
_bPixie princess,
_cby Rosie Banks
260 _aLondon :
_bOrchard Books,
_c2014
300 _a192 pages :
_billustrations,
_c21 cm
490 _aseries 4
505 _aM
520 _aThe fourth brilliant Secret Kingdom bumper special - two magical stories in one! Jasmine, Ellie and Summer are thrilled to be visiting Trixibelle's home for a special pixie celebration! But evil Queen Malice is determined to ruin the fun...and steal the crown of the mysterious Pixie Princess. Can the girls stop the queen's wicked plans and save the pixies' Heart Tree home?
521 8 _a710
_bLexile estimates
700 _aRosie Banks
942 _2ddc
_cBK
_n0
999 _c3855
_d3855